Fuentes de derecho penal vasco: siglos XI-XVI

Guardat en:
Dades bibliogràfiques
Autors principals: Beristain, Antonio (Autor), Larrea, María Angeles (Autor), Mieza, Rafael María (Autor)
Format: Llibre
Idioma:espanyol
Publicat: Bilbao La Gran Enciclopedia Vasca 1980
Col·lecció:Antropología Vasca, 5
Matèries:
Etiquetes: Afegir etiqueta
Sense etiquetes, Sigues el primer a etiquetar aquest registre!

MARC

LEADER 00000nam a2200000 a 4500
001 UCR2415
003 CL-VaPUC
008 980112e19800000SP |||||||||||||||||spa|d
082 0 4 |a 345.946  |b BER  |2 21 
100 0 |a Beristain, Antonio  |e author  |9 400231 
700 0 |a Larrea, María Angeles  |e author  |9 400232 
700 0 |a Mieza, Rafael María  |e author  |9 400233 
245 1 0 |a Fuentes de derecho penal vasco: siglos XI-XVI 
300 |a 440 p 
942 |c BK 
945 |d 19980112 00:00:00  |a cmena 
260 |a Bilbao  |b La Gran Enciclopedia Vasca  |c 1980 
650 7 |a DERECHO PENAL  |2 CL-VaPUC  |9 11 
650 7 |a HISTORIA DEL DERECHO ESPAÑOL  |2 CL-VaPUC  |9 400234 
650 0 |a Antropología   |9 233030 
650 7 |a FUEROS  |2 CL-VaPUC  |9 255290 
650 0 |a Costumbres y tradiciones   |9 268292 
650 7 |a ORDENANZAS MUNICIPALES  |2 CL-VaPUC  |9 257662 
650 7 |a FUENTES  |2 CL-VaPUC  |9 255666 
650 7 |a DERECHO ESPAÑOL SIGLOS 11 - 16  |2 CL-VaPUC  |9 400235 
651 0 |a España  |9 254926 
583 |a last modification  |c 19980112 00:00:00  |k Rodrigo Vera 
490 0 |a Antropología Vasca, 5 
999 |c 265583  |d 265581 
952 |0 0  |1 0  |4 0  |6 345_946000000000000_BER_1980  |7 0  |8 DER_HIS  |9 296567  |a BIBDER  |b BIBDER  |d 2019-11-20  |i 1923986  |l 1  |o 345.946 BER 1980  |p 1923986  |r 2023-01-25  |s 2020-03-18  |w 2019-11-20  |x Ubicación 4to Piso  |y BK  |z Estos recursos deben solicitarse con anticipación  |k DER